| 000 | 00701nam a2200169 a 4500 | ||
|---|---|---|---|
| 008 | 071017s1997 ||||||||||||||||| || u | ||
| 050 | _aIBRD(058)ABG/1997 | ||
| 100 | _aWolfensohn, James D | ||
| 245 | 1 | 4 |
_aThe challenge of inclusion: address to the Board of Governors _c By James D. Wolfensohn, President, World Bank, Hong Kong, China, September 23, 1997 |
| 260 |
_aWashington, D. C.: _bWorld Bank _c1997 |
||
| 300 | _a19p. | ||
| 350 | _a0.00 | ||
| 650 | _aWORLD BANK--CONGRESSES | ||
| 650 | _aBANKS | ||
| 710 | _aWorld Bank | ||
| 995 |
_D0.00 _FCBU-MAIN LIBRARY (Kitwe) _H1 _I0.00 _M1 _UAVAILABLE _WOct 17, 2007 _ZInternational Publications |
||
| 999 |
_c36997 _d36997 |
||